Nghiên cứu hoạt hóa than bùn Liên Chiểu - Đà Nẵng bằng Axit HCI

Sparad:
Bibliografiska uppgifter
Huvudupphovsman: Lê Thị Thùy Linh
Övriga upphovsmän: Trần Mạnh Lục TS (hướng dẫn), thực hiện Huỳnh Thị Hoàng Diễm
Materialtyp: Bok
Språk:Vietnamese
Publicerad: Đà Nẵng Trường Đại học Sư phạm 2012
Ämnen:
Taggar: Lägg till en tagg
Inga taggar, Lägg till första taggen!
Thư viện lưu trữ: Mạng thư viện Đại học Đà Nẵng
LEADER 01509nam a2200349 4500
001 000017370
003 13787
005 20130403140413.0
008 130403s2012 viesd
041 |a vie 
082 1 4 |a 662.62  |b LÊ-L 
100 1 |a Lê Thị Thùy Linh 
245 1 0 |a Nghiên cứu hoạt hóa than bùn Liên Chiểu - Đà Nẵng bằng Axit HCI  |c Lê Thị Thùy Linh ; Huỳnh Thị Hoàng Diễm ; Hướng dẫn Trần Mạnh Lực  |k Báo cáo khoa học 
260 |a Đà Nẵng  |b Trường Đại học Sư phạm  |c 2012 
300 |a 25 tr.  |b ảnh m.họa  |c 30 cm. 
500 |a Công trình tham gia hội nghị sinh viên nghiên cứu khoa học Trường Đại học Sư phạm năm 2012. Khoa Hóa học 
650 0 4 |a Than bùn  |v Báo cáo khoa học  |x Bằng axit HCI  |y Liên Chiểu  |z Đà Nẵng 
653 |a Nghiên cứu khoa học 
653 |a Than bùn 
700 1 |a Trần Mạnh Lục  |c TS  |e hướng dẫn 
700 1 |c thực hiện  |c Huỳnh Thị Hoàng Diễm 
OWN |a LSP 
AVA |a UDN50  |b LSP  |d 662.62 LÊ-L  |e available  |t Error 5001 Not defined in file expand_doc_bib_avail.  |f 1  |g 0  |h N  |i 0  |k 1 
999 |a From the UDN01 
AVA |a UDN50  |b LSP  |d 662.62 LÊ-L  |e available  |t Error 5001 Not defined in file expand_doc_bib_avail.  |f 1  |g 0  |h N  |i 0  |k 1 
TYP |a Mixed Materials 
TYP |a Monograph 
TYP |a Printed language 
980 |a Mạng thư viện Đại học Đà Nẵng